[Event "AUT-ch U10"]
[Site "St Veit"]
[Date "2023.05.28"]
[Round "4"]
[White "Chen, Yan Xi"]
[Black "Zilian, Tristan Juri"]
[Result "1/2-1/2"]
[WhiteElo "1149"]
[BlackElo "901"]
[PlyCount "73"]
[EventDate "2023.05.27"]
[EventType "swiss"]
[EventRounds "7"]
[EventCountry "AUT"]
[SourceTitle "CBM 214 Extra"]
[Source "ChessBase"]
[SourceDate "2023.07.31"]
[SourceVersion "1"]
[SourceVersionDate "2023.07.31"]
[SourceQuality "1"]

1. e4 e5 2. Nf3 Nc6 3. d4 exd4 4. Nxd4 Qh4 5. Be2 Qxe4 6. Nb5 Kd8 7. 0-0 Nf6 8. Re1 Qg6 9. Bd3 Qh5 10. Qxh5 Nxh5 11. Be2 Nf6 12. Bf4 d6 13. Bf3 Bd7 14. a3 a6 15. N5c3 Rb8 16. Rd1 h6 17. Nd5 Nxd5 18. Bxd5 Ne7 19. Bf3 Ng6 20. Bg3 h5 21. h3 h4 22. Bh2 Be7 23. Nc3 Bf6 24. Rab1 Ne5 25. Bxe5 Bxe5 26. Nd5 c6 27. Ne3 Kc7 28. Nc4 Bf4 29. Rd4 Be5 30. Nxe5 dxe5 31. Rd2 Rbe8 32. Rbd1 Re7 33. Kf1 Rh6 34. Re1 Bf5 35. Rde2 Rhe6 36. Be4 Bxe4 37. Rxe4 1/2-1/2